Gray's manual of botany: A handbook of the flowering plants and ferns of the central and northeastern United States and adjacent Canada. (Record no. 20560)

MARC details
000 -LEADER
fixed length control field 00451nam a2200145Ia 4500
082 ## - DEWEY DECIMAL CLASSIFICATION NUMBER
Classification number 581(035)
Item number GRA
100 ## - MAIN ENTRY--AUTHOR NAME
Personal name GRAY, Asa
245 #0 - TITLE STATEMENT
Title Gray's manual of botany: A handbook of the flowering plants and ferns of the central and northeastern United States and adjacent Canada.
250 ## - EDITION STATEMENT
Edition statement Ed.8
260 ## - PUBLICATION, DISTRIBUTION, ETC. (IMPRINT)
Place of publication New York
Name of publisher American Book Co
Year of publication 1950
650 ## - SUBJECT ADDED ENTRY--TOPICAL TERM
Topical Term Botany
650 ## - SUBJECT ADDED ENTRY--TOPICAL TERM
Topical Term Flora
942 ## - ADDED ENTRY ELEMENTS (KOHA)
Koha item type Books
Holdings
Withdrawn status Lost status Damaged status Not for loan Home library Current library Date acquired Full call number Accession Number Koha item type
        RRII Library RRII Library 16/12/2021 581(035) GRA 01283 Books